|
|
|
|
| LEADER |
00000ny a22000003n 4500 |
| 005 |
20110511123120.0 |
| 008 |
871026c19889999dcubx1p 0 a0eng d |
| 022 |
0 |
|
|a 0896-0615
|
| 035 |
|
|
|a 2950
|
| 040 |
|
|
|a UCA
|d vLex
|
| 090 |
|
|
|c 1653
|d 1653
|
| 245 |
3 |
0 |
|a World watch
|h [Recurso electrn̤ico]
|
| 246 |
3 |
0 |
|a Worldwatch
|
| 256 |
|
|
|a Servicio en ln̕ea
|
| 260 |
|
|
|a Washington, D.C. :
|b Worldwatch Institute
|
| 310 |
|
|
|a Bimestral
|
| 506 |
1 |
|
|a Contenido solo disponible en los productos indicados
|d vLex Global
|d vLex Global (Academic Edition, excluding Law Schools)
|d vLex Global (Academic Edition, Law Schools)
|
| 650 |
0 |
4 |
|a Desarrollo sostenible
|x Publicaciones perid̤icas
|
| 650 |
0 |
4 |
|a Medio ambiente
|x Polt̕ica gubernamental
|x Publicaciones perid̤icas
|
| 650 |
0 |
4 |
|a Polt̕ica demogrf̀ica
|x Publicaciones perid̤icas
|
| 710 |
2 |
|
|a Worldwatch Institute
|
| 740 |
0 |
|
|a vLex Revista (Servicios en ln̕ea)
|
| 843 |
|
|
|a Electrn̤ica. Abierta
|
| 853 |
|
|
|8 1
|i (year)
|j (month)
|k (day)
|
| 856 |
4 |
0 |
|z Acceso restringido
|u http://vlex.com/account/login_ip?fuente_id=2950
|
| 942 |
|
|
|c REV
|
| 999 |
0 |
0 |
|a Environmental policy
|v Periodicals.
|
| 999 |
0 |
0 |
|a Population policy
|v Periodicals.
|
| 999 |
0 |
0 |
|a Sustainable development
|v Periodicals.
|